| 000 | 00430nam a2200169 4500 | ||
|---|---|---|---|
| 005 | 20260519124816.0 | ||
| 008 | 260427b |||||||| |||| 00| 0 eng d | ||
| 020 | _a9781405858229 | ||
| 082 |
_a401.9 _bFAI-C |
||
| 100 | _aFairclough Norman | ||
| 245 |
_aCritical Discourse Analysis _bThe Critical Study of Language |
||
| 250 | _a2nd Ed | ||
| 260 |
_aNew York _bRoutledge |
||
| 300 | _a656p | ||
| 650 | _aEnglish | ||
| 942 | _cBK | ||
| 999 |
_c47407 _d47407 |
||